| 000 | 00618nab a2200217 a 4500 | ||
|---|---|---|---|
| 005 | 20210219161033.0 | ||
| 008 | 991125s1985 mx 000 0 spa u | ||
| 035 | _aUPN01000177445 | ||
| 100 | 1 | _aBeranuy, Marta | |
| 222 | _aREVISTA DE ESTUDIOS DE JUVENTUD | ||
| 245 | _aEntre marcianitos y avatares : adicción y factores de riesgo para la juventud en un mundo digital | ||
| 260 | _aEspaña | ||
| 300 | _a131-145 | ||
| 362 | 0 | _a2010 No. 88, mar. | |
| 653 | 0 | _aADICCION A INTERNET | |
| 653 | 0 | _aJOVENES | |
| 653 | 0 | _aADOLESCENTES | |
| 700 | 1 | _aCarbonell, Xavier, | |
| 700 | 1 | _ecoaut. | |
| 905 | _aArticulo | ||
| 999 |
_c149548 _d149548 |
||